Top 10 most sold Nintendo Switch games (march 2024) - Statistics

General Stats
  • This quiz has been taken 28 times
  • The average score is 6 of 10
Answer Stats
Top Solds Games % Correct
1. 62M Mario Kart 8
100%
5. 28M Super Mario Odyssey
82%
2. 45M Animal Crossing
77%
4. 32M The legend of Zelda breath of the wild
77%
6. 26M Pokémon sword
59%
9. 21M The legend of Zelda tears of the kingdom
59%
3. 34M Super smash bros
55%
8. 21M Super Mario Party
50%
7. 25M Pokémon Scarlet
45%
10. 17M New Super Mario Bros U
14%
No matching quizzes found
Score Distribution
Percent of People with Each Score
Percentile by Number Answered
Your Score History
You have not taken this quiz